000 00739nam a2200241Ia 4500
003 OSt
005 20220923224227.0
006 a|||||r|||| 00| 0
007 ta
008 220922b |||||||| |||| 00| 0 hin d
024 _a229,623
037 _cTextual
040 _aARTS
_cARTS
_bhin
041 _2hin
_ahin
082 _aP152:g, 152P3
100 _aमलिक मोहम्मद
245 0 _aहिंदी की संस्कृति
246 _aHiandī kī sanskṛuti
260 _aनई दिल्ली
_b प्रवीण प्रकाशन
_c2003
300 _a227पृ.
_ccm.
942 _hP152:g, 152P3
_cTEXL
_2CC
999 _c370111
_d370111